00754nam a2200193 i 450000100060000000300090000600500170001500700030003200800410003510000360007624501290011226000450024130000220028660000380030870000430034685200320038999900170042195201220043839731ES-MaACL20230906160052.0t|030304s1964 sp ||||1| spa d1 aCampo Jesús, Luis del.93421510aJerónimo de Arbolancha b: (poeta del siglo XVI) : su vida y su obra / cLuis del Campo ; prólogo de Leopoldo Cortejoso. aPamplona : bLa Acción Social, c1964. a336 p. ; c17 cm.04aArbolanche, Jerónimo de.9224061 aCortejoso Villanueva, Leopoldo.940841 aES-MaACLjC-27039 bR.54968 c39731d39731 00104070aATENEOMbATENEOMcDEPO2d2008-01-17eSCl0oC-27039p1041840r2023-02-23 00:00:00w2023-02-23yMONOGRAFIA